Fr. Conceicao Rodrigues College of Engineering

Profitable Public Relations (Record no. 27320)

MARC details
000 -LEADER
fixed length control field 00327nam a2200145Ia 4500
082 ## - DEWEY DECIMAL CLASSIFICATION NUMBER
Classification number 659.2
100 ## - MAIN ENTRY--PERSONAL NAME
Personal name Roalman/A.R
245 ## - TITLE STATEMENT
Title Profitable Public Relations
260 ## - PUBLICATION, DISTRIBUTION, ETC.
Name of publisher, distributor, etc. Taraporevala Publshing Industries
Date of publication, distribution, etc. 2001
300 ## - PHYSICAL DESCRIPTION
Extent 240
546 ## - LANGUAGE NOTE
Language note ENGLISH
650 ## - SUBJECT ADDED ENTRY--TOPICAL TERM
Topical term or geographic name entry element General
654 ## - SUBJECT ADDED ENTRY--FACETED TOPICAL TERMS
Focus term Public Relations
942 ## - ADDED ENTRY ELEMENTS (KOHA)
Koha item type BOOK
Holdings
Withdrawn status Lost status Damaged status Not for loan Collection Home library Current library Date acquired Cost, normal purchase price Inventory number Total Checkouts Full call number Barcode Date last seen Cost, replacement price Price effective from Koha item type
        AFT Fr. Agnel's C.Rodrigues College of Engineering Fr. Agnel's C.Rodrigues College of Engineering 17/03/2023 20.00 1407   659.2 AFT926 17/03/2023 20.00 17/03/2023 BOOK